| 000 | 00541 a2200169 4500 | ||
|---|---|---|---|
| 001 | 189373 | ||
| 020 | _a978-85-7631-188-1 | ||
| 040 | _cMagnum | ||
| 100 | _aMinistério das Relações Exteriores | ||
| 240 | 1 | 0 |
_aDiscursos selecionados do presidente Jânio Quadros _lpor |
| 245 | 1 | 0 | _aDiscursos selecionados do presidente Jânio Quadros |
| 300 | _a64 | ||
| 362 | 0 | _a2009 | |
| 440 | 1 | _aFundação Alexandre de Gusmão | |
| 697 | _aRELALÇÕES INTERNACIONAIS, POLÍTICA MUNDIAL. POLÍTICA INTERNACIONAL. POLÍTICA EXTERNA | ||
| 942 | _cBK | ||
| 999 |
_c189373 _d189373 |
||